| 000 -LEADER |
| fixed length control field |
00661nam a22002177a 4500 |
| 005 - DATE AND TIME OF LATEST TRANSACTION |
| control field |
20220915133952.0 |
| 008 - FIXED-LENGTH DATA ELEMENTS--GENERAL INFORMATION |
| fixed length control field |
220915s2020 enk||||| |||| 00| 0 eng d |
| 020 ## - INTERNATIONAL STANDARD BOOK NUMBER |
| International Standard Book Number |
9789389859188 |
| 041 ## - LANGUAGE CODE |
| Language code of text/sound track or separate title |
eng |
| 080 ## - UNIVERSAL DECIMAL CLASSIFICATION NUMBER |
| Universal Decimal Classification number |
612(075.8) V-38 |
| 100 ## - MAIN ENTRY--PERSONAL NAME |
| Personal name |
Venkatesh, D. |
| 9 (RLIN) |
14611 |
| 245 ## - TITLE STATEMENT |
| Title |
Textbook Of Medical Physiology |
| Statement of responsibility, etc. |
D. Venkatesh, H.H. Sudhakar. |
| 250 ## - EDITION STATEMENT |
| Edition statement |
Third edition |
| 264 ## - PRODUCTION, PUBLICATION, DISTRIBUTION, MANUFACTURE, AND COPYRIGHT NOTICE |
| Place of production, publication, distribution, manufacture |
Haryanna : |
| Name of producer, publisher, distributor, manufacturer |
Wolters Kluwer, |
| Date of production, publication, distribution, manufacture, or copyright notice |
2020. |
| 300 ## - PHYSICAL DESCRIPTION |
| Extent |
860 p. |
| Other physical details |
ill.; |
| Dimensions |
28 cm. |
| 653 ## - INDEX TERM--UNCONTROLLED |
| keyword |
ფიზიოლოგია |
| 653 ## - INDEX TERM--UNCONTROLLED |
| keyword |
მედიცინა |
| 653 ## - INDEX TERM--UNCONTROLLED |
| keyword |
Физиология |
| 700 ## - ADDED ENTRY--PERSONAL NAME |
| Personal name |
Sudhakar, H.H. |
| Relator term |
ავტორი |
| 9 (RLIN) |
14612 |
| 942 ## - ADDED ENTRY ELEMENTS (KOHA) |
| Source of classification or shelving scheme |
|
| Koha item type |
წიგნი |